000 00244nam a22001097a 4500
082 _a954/SAD
100 _aSadhu, S.L.
_916295
245 _aMedieval Kashmir
260 _aNew Delhi
_bAtlantic
_c2022
650 _aIndian History
_9227
942 _cBK
999 _c68995
_d68995